| 000 | 00605cam a22002052 4500 | ||
|---|---|---|---|
| 001 | 0000018646 | ||
| 005 | 20151217145906.0 | ||
| 008 | 100224s xx 000 0 eng d | ||
| 020 | _a9966466525 : | ||
| 040 |
_aKABU _cKABU |
||
| 100 | 1 |
_aOkoiti, Okiya Omtata. _@0000177968 |
|
| 245 | 1 | 0 |
_aLwanda Magere / _cOkiya Omtata Okoiti. |
| 250 | _a1st ed. | ||
| 260 |
_aNairobi : _bE. A. E. P., _c1991. |
||
| 300 | _avi, 112 p. | ||
| 852 | 1 | _9p305 KES | |
| 852 | 1 | _9p305 KES | |
| 908 | _a100224 | ||
| 950 | _@1 | ||
| 999 |
_c3781 _d3781 |
||